[Event "BCF-chT4 0304 (4NCL)"]
[Site "West Bromwich "]
[Date "2004.01.25"]
[Round "4.6"]
[White "Russant, Stuart"]
[Black "Hawkins, James Nick"]
[Result "1/2-1/2"]
[WhiteElo "1208"]
[BlackElo "2052"]
[PlyCount "75"]
[EventDate "2003.10.??"]
[EventType "team"]
[EventRounds "11"]
[EventCountry "ENG"]
[SourceTitle "EXT 2005"]
[Source "ChessBase"]
[SourceDate "2004.11.15"]
[SourceVersion "1"]
[SourceVersionDate "2004.11.15"]
[SourceQuality "1"]
[WhiteTeam "Slough III"]
[BlackTeam "Mindsports II"]
[WhiteTeamCountry "ENG"]
[BlackTeamCountry "ENG"]

1. e4 e5 2. Nf3 Nc6 3. d4 exd4 4. Nxd4 Nf6 5. Nxc6 bxc6 6. Bd3 d5 7. Qe2 dxe4 8. Bxe4 Nxe4 9. Qxe4+ Qe7 10. Qxe7+ Bxe7 11. 0-0 Bf5 12. c3 0-0-0 13. Be3 Kb8 14. Nd2 Rd5 15. Nf3 Bf6 16. Nd4 Bxd4 17. Bxd4 c5 18. Be3 Rhd8 19. b3 f6 20. c4 Re5 21. Rfd1 Rxd1+ 22. Rxd1 Kc8 23. Rd5 Rxd5 24. cxd5 Bb1 25. a3 Ba2 26. Bxc5 Bxb3 27. d6 cxd6 28. Bxd6 Kd7 29. Bb4 Kc6 30. h4 Kd5 31. f4 Ke4 32. g3 Kf3 33. Kh2 Kg4 34. Bf8 g6 35. Be7 f5 36. Bf8 Bd5 37. Bb4 a6 38. Bf8 1/2-1/2